000 00701nam a2200229Ia 4500
005 20241129104120.0
008 241129s9999||||xx |||||||||||||| ||und||
020 _a9780367678159
037 _aTextual
040 _aRTL
_beng
_cRTL
041 _aeng
_2eng
084 _aU5 R3
_qRTL
100 _aTerlouw Kees
_9724828
245 0 _aPolitical Geography of cities and regions: Changing legitimacy and identity
_cTerlouw Kees
260 _aLondon
_bRoutledge
_c2023
300 _axiii,174p.
365 _aINR
_b13301.6
490 _aRoutledge Advances in Regional Economics Science and Policy.
650 _aPolitical Geography
942 _cTB
_hU5 R3
999 _c1224479
_d1224479